| 000 | 00714cam a22001934a 4500 | ||
|---|---|---|---|
| 020 | _a1559636408 (cloth : alk. paper) | ||
| 040 | _cDLC | ||
| 082 | 0 | 0 |
_a508 ISL 2001 A034 Or. _aB |
| 100 | 1 | _aMuir, John, | |
| 245 | 1 | 0 |
_aJohn Muir's last journey : _bsouth to the Amazon and east to Africa : unpublished journals and selected correspondence / |
| 260 |
_aWashington : _bIsland Press/Shearwater Books, _c2001. |
||
| 300 |
_alii, 337 p. : _bill., maps ; _c24 cm. |
||
| 650 | 0 | _aNatural history | |
| 650 | 0 | _aNatural history | |
| 700 | 1 | _aBranch, Michael P. | |
| 856 | 4 | 1 | _uhttp://www.loc.gov/catdir/toc/fy022/2001001808.html |
| 856 | 4 | 2 | _uhttp://www.loc.gov/catdir/enhancements/fy0666/2001001808-d.html |
| 942 | _cEK | ||
| 999 |
_c12675 _d12675 |
||